00946nam a2200241Ia 4500001000600000003000900006008004100015040001300056040001300069041001300082100001900095100002900114245009700143245006600240250001100306260001100317260001100328260004900339300005700388500020700445650002100652650003100673H7472IT-RoPAU130308s9999 xx 000 0 und d aIT-RoPAU cIT-RoPAU aITALIANO aDell'Oro Marco gCodice Aut. SPICS: 58982 a"""Tutto ferocemente muore"". La messa in scena della morte nei film ""romani"" di Pasolini" bFatal Quiete (La). La rappresentazione della Morte nel Cinema a1a ed. aTORINO bLindau c2005 [1° Ed.:2005 - Ed.Ling.Originale:2005] a"14 p. (prefazione: no ; testo: 14 [pagine: 81-94])" aL'Attesa Morte Come Sfida Solare. Ossessione Insostenibile bellezza della Morte. sfondo Morte Come Destino Notturno. ritmo Danza Macabra della Vitalità€. soglia Morte Come Destino di Verita'. aSAGGI SUL CINEMA eCodice materia Spics: 6811